00513nam a2200169Ia 4500008004100000020001100041082001800052245001600070250000800086260001400094300002700108650006800135856000700203942001300210999001900223952010100242210430s9999 xx 000 0 und d a8/4/11 a662.2 D245 P  aDr.N Davies aA-6 aCranfield aPyrotechnics Hand book aThe Ammunatoons Systems &Explosive technology Department952699 uBK cGEN2ddc c562102d562102 00104070aSCMEbSCMEcNFICd2021-04-30l0o662.2 D245 P pSCME-963r2026-02-18w2021-04-30yBK